Principles of administrative law (Record no. 15710)

MARC details
000 -LEADER
fixed length control field 00462nam a2200181Ia 4500
008 - FIXED-LENGTH DATA ELEMENTS--GENERAL INFORMATION
fixed length control field 230917s9999||||xx |||||||||||||| ||und||
020 ## - ISBN
Price RS1495
040 ## - CATALOGING SOURCE
-- 227958
Original cataloging agency VIVEKANANDA LIBRARY
041 ## - Language
-- English
082 ## - DDC NUMBER
Classification number 342 J199P(6)
100 ## - MAIN ENTRY--PERSONAL NAME
Personal name Jain, M P
245 #0 - TITLE STATEMENT
Title Principles of administrative law
250 ## - EDITION STATEMENT
Edition statement 6th ed.
260 ## - PUBLICATION, DISTRIBUTION, ETC. (IMPRINT)
Place of publication, distribution, etc Gurgaon
Name of publisher, distributor, etc Lexix Nexis
Date of publication, distribution, etc 2010
300 ## - PHYSICAL DESCRIPTION
Pages 1100 p.
500 ## - GENERAL NOTE
General note 2086 26/08/2015 KB15/115 11/09/2015 Main Budget
942 ## - ADDED ENTRY ELEMENTS (KOHA)
Koha item type Books
Holdings
Withdrawn status Lost status Damaged status Not for loan Location (home branch) Sublocation or collection (holding branch) Date acquired Koha issues (times borrowed) Koha full call number Accession No. Koha date last seen Koha item type
        VIVEKANANDA LIBRARY VIVEKANANDA LIBRARY 26/10/2015   342 J199P(6) 343804 17/09/2023 Books
        VIVEKANANDA LIBRARY VIVEKANANDA LIBRARY 26/10/2015   342 J199P(6) 343805 17/09/2023 Books
        VIVEKANANDA LIBRARY VIVEKANANDA LIBRARY 26/10/2015   342 J199P(6) 343806 17/09/2023 Books
        VIVEKANANDA LIBRARY VIVEKANANDA LIBRARY 26/10/2015   342 J199P(6) 343807 17/09/2023 Books
        VIVEKANANDA LIBRARY VIVEKANANDA LIBRARY 26/10/2015   342 J199P(6) 343808 17/09/2023 Books
© Designed and Maintained by Vivekananda Library, MDU Rohtak